Normal view
MARC view
- Ragains, Patrick .
Entry Personal Name
001 - CONTROL NUMBER
- control field: 38157
003 - CONTROL NUMBER IDENTIFIER
- control field: OSt
005 - DATE AND TIME OF LATEST TRANSACTION
- control field: 20190403102112.0
008 - FIXED-LENGTH DATA ELEMENTS
- fixed length control field: 190403|| aca||aabn | a|a d
040 ## - CATALOGING SOURCE
- Original cataloging agency: OSt
- Transcribing agency: OSt
100 ## - HEADING--PERSONAL NAME
- Personal name: Ragains, Patrick .
670 ## - SOURCE DATA FOUND
- Source citation: Work cat.: (OSt): Ragains, Patrick ., Information literacy instruction that works :, ©2014.
